Előadás [rövid hír]
Elmentve itt :
| Dokumentumtípus: | Cikk |
|---|---|
| Megjelent: |
1932-10-08
|
| Sorozat: | Délmagyarország
8 No. 230 |
| Kulcsszavak: | Buday Árpád, Előadás |
| Online Access: | http://dmarchiv.bibl.u-szeged.hu/32191 |
| LEADER | 00406nab a2200145 i 4500 | ||
|---|---|---|---|
| 001 | delm32191 | ||
| 005 | 20180927105651.0 | ||
| 008 | 180927s1932 hu o 0|| hun d | ||
| 040 | |a SZTE Délmagyarország Archívum |b hun | ||
| 041 | |a hun | ||
| 245 | 0 | 0 | |a Előadás |h [elektronikus dokumentum] : |b [rövid hír] |
| 260 | |c 1932-10-08 | ||
| 300 | |a 5 | ||
| 490 | 0 | |a Délmagyarország |v 8 No. 230 | |
| 695 | |a Buday Árpád, Előadás | ||